00226pam a2200097 a 4500020000500000041000800005100001500013245006500028260002500093300001000118 c aeng aLaski.H.J. aReflectionary Onthe rRevoluytion For TimehTextual Documents a[s.l]:bGeorge Allen a367p.